00770nam a2200253 a 4500001001300000003000900013005001700022008004100039020001000080082001700090100003300107245002200140260004000162300000900202500003500211505003800246650003200284650002000316700003300336902000800369942000700377952011700384999001500501nice12345678IN_TiNIC20260116012218.0050524s1947 hyda grp 000 0 per  ac10000a954.022bHUS aHussalini Al, S Mohammad Ali aTarikh Rahat Afza aHyderabadbSyed Khursheed Alic1947 a343p aincludes index and biblioraphy2 aChristian Students` Library No.29 aIndia-History Muslim Period aTimur-Biography1 aHussalini Al, S Mohammad Ali bSRS cBK 001040708StackRoom-aHMIbHMId2007-04-03g100.00l0o954.022 HUSp08529r2007-04-03v100.00w2005-05-24yBK c6101d6101